000 01388nam a22001457a 4500
999 _c522889
_d522889
008 230612b ||||| |||| 00| 0 eng d
100 _aRuchita, Chakraborty
_942493
245 _aCompetition law and the jute sector: Analysing the impact of the law on the golden fiber
260 _aJournal of the Indian Law Institute
300 _a64(1), Jan-Mar, 2022: p.86-99
520 _aJute, the golden fibre, is a natural plant fibre that has huge economic and social significance in India - in terms of employment generation, cultivation and commercial utility as synthetic substitutes, specially in the wake of the rising environmental concerns across the globe. In the commercial operations, the importance of competition law has huge implications. However, due to very specific characteristics of the jute sector, the implications of the competition laws needs to be analysed from the lens of the economic viability of the sector and social impacts that it may probably cast on nearly 40 lakh families that are dependent on the industry for their survival. In this context, the present paper aims to analyse the importance of competition law and its application on the jute sector and examines the way that the sector has been dealt by the competition authorities in recent times.- Reproduced
773 _aJournal of the Indian Law Institute
906 _aJUTE INDUSTRY
942 _cAR